Učitavanje...

Lesbian modernism :

Explores the aesthetic dilemma prompted by the censorship of Radclyffe Hall's novel The Well of Loneliness in 1928. Faced with legal and financial reprisals, women writers were forced to question how they might represent lesbian identity and desire. Modernist experimentation has often been seen...

Cijeli opis

Bibliografski detalji
Glavni autor: English, Elizabeth
Format: Printed Book
Izdano: Edinburgh Edinburgh university press 2017
Izdanje:2
Serija:Edinburgh critical studies in modernist culture
Teme:
LEADER 01385cam a2200217 i 4500
999 |c 57820  |d 57820 
020 |a 9781474424493 
082 0 4 |a 823.009206643  |b ENG/L 
100 1 |a English, Elizabeth, 
245 1 0 |a Lesbian modernism : 
250 |a 2 
260 |a Edinburgh  |b Edinburgh university press  |c 2017 
300 |a ix, 220 pages ; 
490 1 |a Edinburgh critical studies in modernist culture 
520 |a Explores the aesthetic dilemma prompted by the censorship of Radclyffe Hall's novel The Well of Loneliness in 1928. Faced with legal and financial reprisals, women writers were forced to question how they might represent lesbian identity and desire. Modernist experimentation has often been seen as a response to this problem, but English breaks new ground by arguing that popular genre fictions offered a creative strategy against the threat of detection and punishment. Her study examines a range of responses to this dilemma by offering illuminating close readings of fantasy, crime, and historical fictions written by both mainstream and modernist authors.--Provided by publisher 
650 0 |a English fiction 
650 0 |a American fiction 
650 0 |a Lesbianism in literature. 
650 0 |a Modernism (Literature) 
942 |c BK 
952 |0 0  |1 0  |4 0  |6 823_009206643000000_ENG_L  |7 0  |9 64870  |a KUCL  |c Stack  |d 2019-08-02  |g 24.99  |l 0  |o 823.009206643 ENG/L  |p 48297  |r 2019-08-02  |w 2019-08-02  |y BK